| 000 | 005200000a22001930004500 | ||
|---|---|---|---|
| 020 | _a84-301-0414-3 | ||
| 041 | 0 | _aSPA | |
| 082 | 0 | 4 | _aG 270.92 R511c |
| 100 | 1 | _aRichard, Pablo | |
| 245 | 1 | 0 | _aCristianos por el socialismo : Historia y documentación / Pablo Richard |
| 260 | _aSalamanca, España : Sígueme | ||
| 300 | _a283 Pag | ||
| 440 | 0 | _aCol. Pedal; No. 59 | |
| 001 | 8408 | ||
| 942 | _cBK | ||
| 999 |
_c38569 _d38569 |
||
| 336 |
_atexto _btxt _2rdacontent |
||
| 337 |
_2rdamedia _asin mediación _bn |
||
| 338 |
_2rdacarrier _avolumen _bnc |
||